What color is your brain? : (Record no. 556)

MARC details
000 -LEADER
fixed length control field 00973cam a2200289 a 4500
003 - CONTROL NUMBER IDENTIFIER
control field data
005 - DATE AND TIME OF LATEST TRANSACTION
control field 20260322212024.0
008 - FIXED-LENGTH DATA ELEMENTS--GENERAL INFORMATION
fixed length control field data
010 ## - LIBRARY OF CONGRESS CONTROL NUMBER
LC control number 2007017108
020 ## - INTERNATIONAL STANDARD BOOK NUMBER
International Standard Book Number 9781556428074 (alk. paper)
020 ## - INTERNATIONAL STANDARD BOOK NUMBER
International Standard Book Number 1556428073 (alk. paper)
040 ## - CATALOGING SOURCE
Original cataloging agency DLC
Transcribing agency DLC
Modifying agency YDXCP
-- BTCTA
-- YDXCP
049 ## - LOCAL HOLDINGS (OCLC)
Holding library TJCC
050 00 - LIBRARY OF CONGRESS CALL NUMBER
Classification number BF698.3
Item number .G63 2008
082 00 - DEWEY DECIMAL CLASSIFICATION NUMBER
Classification number 155.2/64
Edition information 22
092 ## - LOCALLY ASSIGNED DEWEY CALL NUMBER (OCLC)
Classification number 155.264 G63 2008
001 - CONTROL NUMBER
control field data
100 1# - MAIN ENTRY--PERSONAL NAME
Personal name Glazov, Sheila,
Dates associated with a name 1945-
245 10 - TITLE STATEMENT
Title What color is your brain? :
Remainder of title a fun and fascinating approach to understanding yourself and others /
Statement of responsibility, etc. Sheila Glazov.
260 ## - PUBLICATION, DISTRIBUTION, ETC.
Place of publication, distribution, etc. Thorofare, NJ :
Name of publisher, distributor, etc. SLACK,
Date of publication, distribution, etc. c2008.
300 ## - PHYSICAL DESCRIPTION
Extent xvi, 157 p. :
Other physical details ill. ;
Dimensions 23 cm.
504 ## - BIBLIOGRAPHY, ETC. NOTE
Bibliography, etc. note Includes bibliographical references (p. [143]-145) and index.
650 #0 - SUBJECT ADDED ENTRY--TOPICAL TERM
Topical term or geographic name entry element Typology (Psychology)
650 #0 - SUBJECT ADDED ENTRY--TOPICAL TERM
Topical term or geographic name entry element Myers-Briggs Type Indicator.
650 #0 - SUBJECT ADDED ENTRY--TOPICAL TERM
Topical term or geographic name entry element Color
General subdivision Psychological aspects.
856 41 - ELECTRONIC LOCATION AND ACCESS
Materials specified Table of contents only
Uniform Resource Identifier <a href="http://www.loc.gov/catdir/toc/ecip0717/2007017108.html">http://www.loc.gov/catdir/toc/ecip0717/2007017108.html</a>
Holdings
Withdrawn status Lost status Damaged status Not for loan Home library Current library Shelving location Date acquired Total checkouts Full call number Barcode Date last seen Price effective from Koha item type
        Centerville Centerville General stacks 22/03/2026   155.2/64 22 BC0010569 22/03/2026 22/03/2026 Books